MARC

LEADER 00000nam0a2200000 4500
001 32805
005 20231030205354.0
035 |a (RuTPU)RU\TPU\book\33107 
035 |a BOOK00001196 
090 |a 32805 
100 |a 20011210d1977 m y0rusy50 ca 
101 0 |a rus 
102 |a RU 
105 |a a j 001zy 
200 1 |a Разностные схемы  |e учебное пособие  |f С. К. Годунов, В. С. Рябенький 
205 |a 2-е изд., перераб. и доп. 
210 |a Москва  |c Наука  |d 1977 
215 |a 439 с.  |c ил. 
320 |a Библиогр.: с. 434-435. 
320 |a Предм. указ.: с. 436-439. 
517 1 |a Введение в теорию 
610 1 |a математика 
610 1 |a разностные схемы 
610 1 |a разностные уравнения 
610 1 |a дифференциальные уравнения 
610 1 |a пространственные переменные 
610 1 |a схемы расщепления 
610 1 |a краевые задачи 
610 1 |a оператор перехода 
610 1 |a учебные пособия 
675 |a 517.96(075.8)  |v 3 
700 1 |a Годунов  |b С. К.  |g Сергей Константинович 
701 1 |a Рябенький  |b В. С.  |g Виктор Соломонович 
801 0 |a RU  |b 63413507  |c 20011210  |g PSBO 
801 2 |a RU  |b 63413507  |c 20140203  |g PSBO 
900 |a Математическое моделирование 
942 |c BK